00000000nam##2200000za#4500
0019.684534
003CaOODSP
00520220901164846
007ta
008150407|2009||||xxc|||||     f|0| 0 fre|d
020 |a978-1-100-91008-6
040 |aCaOODSP|bfre
043 |an-cn---
0861 |aJ2-213/2009F
1101 |aCanada.|bJustice Canada.
24510|aGuide de traitement des victimes d'actes criminels : |bapplication de la recherche à la pratique clinique / |cpar James K. Hill.
250 |a2e éd.
260 |aOttawa - Ontario : |bJustice Canada |cc2009.
300 |aiii, 170p. : |bréférences, tableaux ; |c22 cm.
5203 |aUn outil pour les personnes qui assurent des services de première ligne aux victimes de crimes. Il examine la recherche et la théorie sur plusieurs sujets et discute de leur application. Les sujets abordés comprennent l’autothérapie pour les personnes s’occupant des victimes d’actes criminels; un modèle de victimisation et de rétablissement; les réactions habituelles des victimes d’un crime; les stratégies d’adaptation des victimes; les modèles du changement pour le patient; et les questions que devraient poser les fournisseurs de services en ce qui a trait à l’évaluation.
563 |aReliure à spirale
590 |a09-39|b2009-09-25
69107|aVictime|2gcpds
7201 |aHill, James K.
77508|tWorking with victims of crime : |w(CaOODSP)9.651510
7760#|tGuide de traitement des victimes d'actes criminels : |w(CaOODSP)9.636252